[Event "VII Torneo Leonardo di Bona Internazionale"]
[Site "Cutro ITA"]
[Date "2001.04.22"]
[Round "1"]
[White "Chatalbashev, Boris"]
[Black "Drasko, Milan"]
[Result "1-0"]
[WhiteElo "2518"]
[BlackElo "2521"]
[PlyCount "81"]
[EventDate "2001.04.22"]

1. d4 e6 2. c4 Nf6 3. Nf3 Bb4+ 4. Nbd2 b6 5. a3 Bxd2+ 6. Qxd2 Bb7 7. e3 O-O 8.
Be2 d6 9. O-O Nbd7 10. b4 a5 11. Bb2 axb4 12. axb4 Qe7 13. Qc2 c5 14. Qb3 Rfb8
15. Rxa8 Rxa8 16. Rd1 Qf8 17. dxc5 bxc5 18. Bxf6 Nxf6 19. bxc5 Bxf3 20. Bxf3
Rb8 21. Qa3 dxc5 22. Qa7 h6 23. g3 Qc8 24. h4 Qf8 25. Rd2 e5 26. Bd5 Rb1+ 27.
Kg2 e4 28. Qc7 Qe8 29. h5 Nxd5 30. Rxd5 Qe6 31. Rxc5 Qf6 32. Qc8+ Kh7 33. Qf5+
Qxf5 34. Rxf5 Rc1 35. Rxf7 Rxc4 36. g4 Rc6 37. Kg3 Re6 38. Kf4 Kg8 39. Rf5 Re8
40. Re5 Rf8+ 41. Kg3 1-0

[Event "VII Torneo Leonardo di Bona Internazionale"]
[Site "Cutro ITA"]
[Date "2001.04.22"]
[Round "1"]
[White "Georgiev, Vladimir"]
[Black "Aleksic, Nenad"]
[Result "1-0"]
[WhiteElo "2592"]
[BlackElo "2417"]
[PlyCount "55"]
[EventDate "2001.04.22"]

1. c4 b6 2. d4 Bb7 3. Bg5 Nf6 4. Bxf6 exf6 5. Nc3 Bb4 6. Rc1 O-O 7. a3 Bxc3+ 8.
Rxc3 d5 9. cxd5 Qxd5 10. e3 Nd7 11. Nf3 c5 12. Bc4 Qd6 13. O-O Rad8 14. Be2
Rfe8 15. b4 cxb4 16. axb4 Qxb4 17. Rc7 Bxf3 18. Bxf3 a5 19. Qb1 Qd6 20. Rfc1
Nb8 21. Qb5 g6 22. g3 Rd7 23. R7c4 Rdd8 24. Kg2 Kg7 25. Rc7 Rd7 26. R1c6 Nxc6
27. Rxd7 Na7 28. Rxa7 1-0

[Event "VII Torneo Leonardo di Bona Internazionale"]
[Site "Cutro ITA"]
[Date "2001.04.22"]
[Round "1"]
[White "Halkias, Stelios"]
[Black "Miladinovic, Igor"]
[Result "1/2-1/2"]
[WhiteElo "2494"]
[BlackElo "2519"]
[PlyCount "39"]
[EventDate "2001.04.22"]

1. d4 d5 2. c4 e6 3. Nc3 Nf6 4. Bg5 Be7 5. e3 h6 6. Bh4 O-O 7. Nf3 Ne4 8. Bxe7
Nxc3 9. Qc2 Qxe7 10. Qxc3 c6 11. Rc1 Nd7 12. cxd5 exd5 13. Be2 a6 14. O-O Nf6
15. Ne5 Nd7 16. Nf3 Re8 17. Rfd1 Qd6 18. Bf1 Nf6 19. Ne5 Nd7 20. Nf3 1/2-1/2

[Event "VII Torneo Leonardo di Bona Internazionale"]
[Site "Cutro ITA"]
[Date "2001.04.22"]
[Round "1"]
[White "Ristic, Nenad"]
[Black "Pegorari, Pietro"]
[Result "1/2-1/2"]
[WhiteElo "2425"]
[BlackElo "2380"]
[PlyCount "44"]
[EventDate "2001.04.22"]

1. e4 e5 2. Nf3 Nc6 3. Bb5 a6 4. Ba4 Nf6 5. O-O b5 6. Bb3 Bc5 7. d3 d6 8. h3
O-O 9. Nc3 h6 10. Qe2 Na5 11. Be3 Nxb3 12. axb3 Bxe3 13. Qxe3 Bb7 14. d4 Re8
15. dxe5 dxe5 16. Rfe1 Qe7 17. Rad1 c5 18. Nd5 Bxd5 19. exd5 Rad8 20. Qxe5 Qxe5
21. Rxe5 Rxe5 22. Nxe5 Rxd5 1/2-1/2

[Event "VII Torneo Leonardo di Bona Internazionale"]
[Site "Cutro ITA"]
[Date "2001.04.23"]
[Round "2"]
[White "Aleksic, Nenad"]
[Black "Halkias, Stelios"]
[Result "0-1"]
[WhiteElo "2417"]
[BlackElo "2494"]
[PlyCount "90"]
[EventDate "2001.04.22"]

1. e4 c5 2. Nf3 Nc6 3. d4 cxd4 4. Nxd4 Nf6 5. Nc3 e5 6. Ndb5 d6 7. Bg5 a6 8.
Na3 b5 9. Bxf6 gxf6 10. Nd5 Bg7 11. g3 f5 12. Bg2 fxe4 13. Bxe4 Be6 14. Qh5 Rc8
15. c3 Ne7 16. Rd1 Nxd5 17. Bxd5 Qd7 18. O-O O-O 19. Rd2 Rc5 20. Qd1 Rd8 21.
Nc2 Bh6 22. Ne3 Kg7 23. Qf3 Rxd5 24. Rxd5 Bxe3 25. fxe3 Bxd5 26. Qxd5 Qe6 27.
Rd1 Qxd5 28. Rxd5 Kf6 29. e4 Ke6 30. Kf2 f5 31. Ke3 Rc8 32. Rd2 fxe4 33. Kxe4
a5 34. Kd3 d5 35. Rf2 b4 36. Rf1 Rc4 37. Rf8 bxc3 38. bxc3 e4+ 39. Kd2 Ra4 40.
Re8+ Kd7 41. Re5 Rxa2+ 42. Ke3 Kd6 43. Rh5 Rc2 44. Rxh7 Rxc3+ 45. Kd2 d4 0-1

[Event "VII Torneo Leonardo di Bona Internazionale"]
[Site "Cutro ITA"]
[Date "2001.04.23"]
[Round "2"]
[White "Borgo, Giulio"]
[Black "Skembris, Spyridon"]
[Result "1/2-1/2"]
[WhiteElo "2408"]
[BlackElo "2450"]
[PlyCount "39"]
[EventDate "2001.04.22"]

1. e4 c6 2. d4 d5 3. Nc3 dxe4 4. Nxe4 Bf5 5. Ng3 Bg6 6. h4 h6 7. Nf3 Nd7 8. h5
Bh7 9. Bd3 Bxd3 10. Qxd3 Ngf6 11. Bf4 Qa5+ 12. Bd2 Qc7 13. O-O-O e6 14. Ne4
O-O-O 15. g3 Nc5 16. Nxc5 Bxc5 17. Qc4 Bd6 18. Qa4 b5 19. Qb3 Nd5 20. Kb1
1/2-1/2

[Event "VII Torneo Leonardo di Bona Internazionale"]
[Site "Cutro ITA"]
[Date "2001.04.23"]
[Round "2"]
[White "Drasko, Milan"]
[Black "Ristic, Nenad"]
[Result "1/2-1/2"]
[WhiteElo "2521"]
[BlackElo "2425"]
[PlyCount "29"]
[EventDate "2001.04.22"]

1. c4 e6 2. Nf3 Nf6 3. Nc3 d5 4. d4 Be7 5. Bg5 O-O 6. e3 h6 7. Bxf6 Bxf6 8. Rc1
c6 9. Bd3 Nd7 10. O-O dxc4 11. Bxc4 e5 12. h3 exd4 13. exd4 Nb6 14. Bb3 Re8 15.
Re1 1/2-1/2

[Event "VII Torneo Leonardo di Bona Internazionale"]
[Site "Cutro ITA"]
[Date "2001.04.23"]
[Round "2"]
[White "Pegorari, Pietro"]
[Black "Georgiev, Vladimir"]
[Result "1/2-1/2"]
[WhiteElo "2380"]
[BlackElo "2592"]
[PlyCount "24"]
[EventDate "2001.04.22"]

1. Nf3 Nf6 2. c4 c5 3. g3 b6 4. Bg2 Bb7 5. Nc3 e6 6. O-O Be7 7. Re1 d5 8. cxd5
exd5 9. d4 O-O 10. Bf4 Na6 11. Rc1 Ne4 12. a3 Bf6 1/2-1/2

[Event "VII Torneo Leonardo di Bona Internazionale"]
[Site "Cutro ITA"]
[Date "2001.04.24"]
[Round "3"]
[White "Chatalbashev, Boris"]
[Black "Borgo, Giulio"]
[Result "0-1"]
[WhiteElo "2518"]
[BlackElo "2408"]
[PlyCount "52"]
[EventDate "2001.04.22"]

1. b3 c5 2. Bb2 e6 3. e3 Nf6 4. f4 b6 5. Nf3 Bb7 6. Be2 d6 7. O-O Nbd7 8. a4
Be7 9. a5 O-O 10. Na3 Nd5 11. axb6 axb6 12. Nb5 N7f6 13. Rxa8 Qxa8 14. c4 Nb4
15. Bxf6 Bxf6 16. Nxd6 Bc6 17. Ne5 Bxg2 18. Rf2 Bc6 19. Qb1 Bh4 20. Bh5 Bxf2+
21. Kxf2 g6 22. Nxg6 fxg6 23. Bxg6 Qa7 24. Be4 Bxe4 25. Nxe4 Qg7 26. Ng3 Qg6
0-1

[Event "VII Torneo Leonardo di Bona Internazionale"]
[Site "Cutro ITA"]
[Date "2001.04.24"]
[Round "3"]
[White "Georgiev, Vladimir"]
[Black "Drasko, Milan"]
[Result "1-0"]
[WhiteElo "2592"]
[BlackElo "2521"]
[PlyCount "59"]
[EventDate "2001.04.22"]

1. c4 e5 2. g3 Nc6 3. Bg2 g6 4. Nc3 Bg7 5. Rb1 a5 6. Nf3 d6 7. O-O Nge7 8. a3
Be6 9. d3 h6 10. b4 axb4 11. axb4 Qd7 12. b5 Nd8 13. Qb3 c6 14. Bb2 O-O 15. Ra1
Rxa1 16. Rxa1 Nc8 17. Nd2 f5 18. bxc6 bxc6 19. Ra6 Rf7 20. Nd5 Qb7 21. Nb4 Bd7
22. Qa3 Bf8 23. Bc3 Be8 24. Nb3 Rc7 25. Na5 Qb8 26. Naxc6 Nxc6 27. Bd5+ Kh8 28.
Nxc6 Qb1+ 29. Kg2 Nb6 30. Bxe5+ 1-0

[Event "VII Torneo Leonardo di Bona Internazionale"]
[Site "Cutro ITA"]
[Date "2001.04.24"]
[Round "3"]
[White "Halkias, Stelios"]
[Black "Pegorari, Pietro"]
[Result "1/2-1/2"]
[WhiteElo "2494"]
[BlackElo "2380"]
[PlyCount "23"]
[EventDate "2001.04.22"]

1. Nf3 d5 2. d4 Nf6 3. e3 c5 4. b3 Nc6 5. Bb2 Bf5 6. dxc5 Qa5+ 7. Nbd2 Qxc5 8.
Rc1 e6 9. Be2 Be7 10. O-O O-O 11. a3 Rfd8 12. h3 1/2-1/2

[Event "VII Torneo Leonardo di Bona Internazionale"]
[Site "Cutro ITA"]
[Date "2001.04.25"]
[Round "4"]
[White "Borgo, Giulio"]
[Black "Ristic, Nenad"]
[Result "1/2-1/2"]
[WhiteElo "2408"]
[BlackElo "2425"]
[PlyCount "109"]
[EventDate "2001.04.22"]

1. Nf3 c5 2. c4 Nc6 3. d4 cxd4 4. Nxd4 Nf6 5. Nc3 e6 6. Ndb5 d5 7. Bf4 e5 8.
cxd5 exf4 9. dxc6 bxc6 10. Qxd8+ Kxd8 11. O-O-O+ Bd7 12. Nd6 Kc7 13. Nxf7 Rg8
14. Ne5 Bf5 15. g3 Bc5 16. Nd3 Bxd3 17. Rxd3 Ng4 18. Nd1 Rad8 19. gxf4 Rxd3 20.
exd3 Nxf2 21. Nxf2 Bxf2 22. f5 Re8 23. Kd2 Be3+ 24. Kd1 Bd4 25. Bg2 Re5 26. b3
Rxf5 27. Re1 Kd6 28. Re4 c5 29. b4 Rg5 30. Bf1 Rg1 31. Ke2 Rh1 32. Rh4 h6 33.
a4 Bg1 34. bxc5+ Kxc5 35. Rc4+ Kd6 36. Rg4 Rxh2+ 37. Kd1 Be3 38. Rxg7 h5 39.
Bg2 h4 40. Ke2 Bd4 41. Rg5 Bb6 42. a5 h3 43. axb6 axb6 44. Kf3 Rxg2 45. Rxg2
hxg2 46. Kxg2 Kc5 47. Kf3 Kd4 48. Ke2 Kc3 49. Ke3 b5 50. d4 Kc4 51. d5 Kxd5 52.
Kd3 Kc5 53. Kc3 b4+ 54. Kb3 Kb5 55. Kb2 1/2-1/2

[Event "VII Torneo Leonardo di Bona Internazionale"]
[Site "Cutro ITA"]
[Date "2001.04.25"]
[Round "4"]
[White "Drasko, Milan"]
[Black "Halkias, Stelios"]
[Result "1/2-1/2"]
[WhiteElo "2521"]
[BlackElo "2494"]
[PlyCount "28"]
[EventDate "2001.04.22"]

1. d4 d5 2. c4 e6 3. Nf3 c5 4. cxd5 exd5 5. g3 Nf6 6. Bg2 Be7 7. O-O O-O 8. Nc3
Nc6 9. dxc5 Bxc5 10. Bg5 d4 11. Bxf6 Qxf6 12. Nd5 Qd8 13. Ne1 Re8 14. Nd3 Bb6
1/2-1/2

[Event "VII Torneo Leonardo di Bona Internazionale"]
[Site "Cutro ITA"]
[Date "2001.04.25"]
[Round "4"]
[White "Ortega, Lexy"]
[Black "Georgiev, Vladimir"]
[Result "1/2-1/2"]
[WhiteElo "2487"]
[BlackElo "2592"]
[PlyCount "40"]
[EventDate "2001.04.22"]

1. d4 g6 2. Nf3 Nf6 3. c4 d6 4. g3 Bg7 5. Bg2 O-O 6. O-O c6 7. Nc3 Qa5 8. e4 e5
9. h3 Nbd7 10. Be3 Nb6 11. dxe5 dxe5 12. Nd2 Be6 13. Nb3 Qb4 14. Bc5 Qxc4 15.
Bxf8 Bxf8 16. Qc2 Bb4 17. Rfc1 Bf8 18. Nd2 Qb4 19. a3 Qe7 20. b4 Nfd7 1/2-1/2

[Event "VII Torneo Leonardo di Bona Internazionale"]
[Site "Cutro ITA"]
[Date "2001.04.25"]
[Round "4"]
[White "Pegorari, Pietro"]
[Black "Miladinovic, Igor"]
[Result "1/2-1/2"]
[WhiteElo "2380"]
[BlackElo "2519"]
[PlyCount "22"]
[EventDate "2001.04.22"]

1. Nf3 Nf6 2. c4 b6 3. g3 Bb7 4. Bg2 e5 5. O-O d6 6. Nc3 g6 7. d4 Nbd7 8. Bg5
Bg7 9. Qd2 O-O 10. Rad1 exd4 11. Qxd4 Re8 1/2-1/2

[Event "VII Torneo Leonardo di Bona Internazionale"]
[Site "Cutro ITA"]
[Date "2001.04.25"]
[Round "4"]
[White "Skembris, Spyridon"]
[Black "Chatalbashev, Boris"]
[Result "1/2-1/2"]
[WhiteElo "2450"]
[BlackElo "2518"]
[PlyCount "37"]
[EventDate "2001.04.22"]

1. d4 d5 2. c4 Bf5 3. Nc3 e6 4. Bf4 c6 5. e3 Nf6 6. Bd3 Bxd3 7. Qxd3 Nbd7 8.
Nf3 Bb4 9. O-O O-O 10. Rac1 Re8 11. h3 dxc4 12. Qxc4 a5 13. Rfd1 Nf8 14. Qb3
Ng6 15. Bg5 Rb8 16. Ne5 Be7 17. Nxg6 hxg6 18. Bf4 Bd6 19. Be5 1/2-1/2

[Event "VII Torneo Leonardo di Bona Internazionale"]
[Site "Cutro ITA"]
[Date "2001.04.26"]
[Round "5"]
[White "Halkias, Stelios"]
[Black "Ortega, Lexy"]
[Result "0-1"]
[WhiteElo "2494"]
[BlackElo "2487"]
[PlyCount "66"]
[EventDate "2001.04.22"]

1. d4 d5 2. Nf3 c6 3. e3 Nf6 4. c4 e6 5. Bd3 Nbd7 6. O-O Bd6 7. Nbd2 O-O 8. e4
e5 9. exd5 cxd5 10. cxd5 exd4 11. Ne4 Nxe4 12. Bxe4 Nf6 13. Bc2 h6 14. Qxd4 Bg4
15. Bb3 Re8 16. h3 Bxf3 17. gxf3 Qd7 18. Kg2 a5 19. a4 Qf5 20. Be3 Qg6+ 21. Kh1
Qh5 22. Kg2 Qg6+ 23. Kh1 Rxe3 24. fxe3 Nh5 25. Qg4 Ng3+ 26. Kg2 Qd3 27. Qc4
Qxe3 28. Rf2 Re8 29. Qg4 Ne2 30. Qd7 Nf4+ 31. Kg1 Nd3 32. Raf1 Nxf2 33. Qxd6
Ne4+ 0-1

[Event "VII Torneo Leonardo di Bona Internazionale"]
[Site "Cutro ITA"]
[Date "2001.04.26"]
[Round "5"]
[White "Miladinovic, Igor"]
[Black "Drasko, Milan"]
[Result "1/2-1/2"]
[WhiteElo "2519"]
[BlackElo "2521"]
[PlyCount "23"]
[EventDate "2001.04.22"]

1. d4 d5 2. c4 dxc4 3. e3 e6 4. Bxc4 a6 5. Nc3 Nf6 6. Qf3 Nbd7 7. Nge2 c5 8.
O-O Qc7 9. Bd3 Bd6 10. Ng3 O-O 11. Bd2 Rb8 12. Rac1 1/2-1/2

[Event "VII Torneo Leonardo di Bona Internazionale"]
[Site "Cutro ITA"]
[Date "2001.04.26"]
[Round "5"]
[White "Ristic, Nenad"]
[Black "Skembris, Spyridon"]
[Result "1/2-1/2"]
[WhiteElo "2425"]
[BlackElo "2450"]
[PlyCount "37"]
[EventDate "2001.04.22"]

1. Nf3 Nf6 2. c4 e6 3. Nc3 d5 4. d4 Be7 5. Bg5 h6 6. Bxf6 Bxf6 7. e3 O-O 8. Be2
dxc4 9. Bxc4 c5 10. Ne4 cxd4 11. Nxf6+ Qxf6 12. Qxd4 Qxd4 13. Nxd4 Bd7 14. Ke2
Nc6 15. Rhd1 Rfd8 16. f3 Nxd4+ 17. Rxd4 Ba4 18. Rxd8+ Rxd8 19. b3 1/2-1/2

[Event "VII Torneo Leonardo di Bona Internazionale"]
[Site "Cutro ITA"]
[Date "2001.04.27"]
[Round "6"]
[White "Borgo, Giulio"]
[Black "Halkias, Stelios"]
[Result "1-0"]
[WhiteElo "2408"]
[BlackElo "2494"]
[PlyCount "105"]
[EventDate "2001.04.22"]

1. e4 c5 2. Nf3 Nc6 3. Bb5 d6 4. Bxc6+ bxc6 5. O-O e5 6. c3 f5 7. exf5 Bxf5 8.
d4 cxd4 9. cxd4 e4 10. Qc2 Ne7 11. Nh4 g6 12. Bg5 Qd7 13. Nd2 d5 14. Bf6 Rg8
15. f3 e3 16. Nxf5 Qxf5 17. Qxf5 gxf5 18. Nb3 f4 19. Rfc1 Rc8 20. Rc2 Ng6 21.
Rac1 Kd7 22. Kf1 Bd6 23. h4 Be7 24. Bxe7 Nxe7 25. Nc5+ Kd6 26. Nd3 Nf5 27. Nxf4
Nxd4 28. Rc3 Rcf8 29. Nd3 Re8 30. Ne1 Rgf8 31. b4 a5 32. a3 axb4 33. axb4 Rf4
34. g3 Rf6 35. Kg2 Kc7 36. Rd3 Ne6 37. Rxd5 Rg8 38. Re5 Nf4+ 39. Kh2 Ne2 40.
Rc2 Nxg3 41. Rg5 Nf1+ 42. Kg2 Rd8 43. Kxf1 Rd2 44. Rg2 Rf4 45. Rcxd2 exd2 46.
Rxd2 Rxb4 47. Ng2 c5 48. Kf2 Kc6 49. f4 c4 50. Kf3 Kb5 51. Ne3 Rb1 52. Rd5+ Kb4
53. Re5 1-0

[Event "VII Torneo Leonardo di Bona Internazionale"]
[Site "Cutro ITA"]
[Date "2001.04.27"]
[Round "6"]
[White "Chatalbashev, Boris"]
[Black "Ristic, Nenad"]
[Result "1-0"]
[WhiteElo "2518"]
[BlackElo "2425"]
[PlyCount "119"]
[EventDate "2001.04.22"]

1. d4 Nf6 2. Nf3 g6 3. Nc3 d5 4. Bf4 Bg7 5. e3 O-O 6. Be2 c5 7. Ne5 Nc6 8. O-O
cxd4 9. exd4 Qb6 10. Nxc6 bxc6 11. Na4 Qa5 12. c3 Nd7 13. b4 Qd8 14. Qd2 e5 15.
dxe5 Nxe5 16. Rfe1 Nc4 17. Bxc4 dxc4 18. Qxd8 Rxd8 19. Bc7 Rf8 20. Be5 Bf5 21.
Bxg7 Kxg7 22. Nc5 a5 23. a3 Ra7 24. h4 Rfa8 25. Rad1 axb4 26. axb4 Ra2 27. Rd4
Rc2 28. g4 Bc8 29. Re7 Kf6 30. Rc7 h5 31. Rf4+ Ke5 32. Rfxf7 hxg4 33. Rce7+ Kd5
34. Rf8 Kd6 35. Rg7 Ra1+ 36. Kg2 Bf5 37. h5 Rcc1 38. Kg3 Rxc3+ 39. Kf4 Rf3+ 40.
Kg5 Ke5 41. hxg6 Bxg6 42. Re7+ Kd4 43. Rxf3 gxf3 44. Kxg6 Ra2 45. Rd7+ Ke5 46.
Re7+ Kd4 47. Kf5 c3 48. Re4+ Kd5 49. Nb3 c5 50. bxc5 Rxf2 51. Re5+ Kc4 52. c6
Rh2 53. c7 Rh8 54. Na5+ Kd3 55. Rd5+ Kc2 56. Ke6 Kb2 57. Nc4+ Kb3 58. Ne3 c2
59. Nxc2 Kxc2 60. Rf5 1-0

[Event "VII Torneo Leonardo di Bona Internazionale"]
[Site "Cutro ITA"]
[Date "2001.04.27"]
[Round "6"]
[White "Drasko, Milan"]
[Black "Aleksic, Nenad"]
[Result "1/2-1/2"]
[WhiteElo "2521"]
[BlackElo "2417"]
[PlyCount "28"]
[EventDate "2001.04.22"]

1. d4 d5 2. c4 dxc4 3. e3 c5 4. Bxc4 e6 5. Nf3 Nf6 6. O-O a6 7. dxc5 Qxd1 8.
Rxd1 Bxc5 9. a3 b5 10. Be2 Bb7 11. b4 Be7 12. Bb2 Nbd7 13. Bd4 O-O 14. Nbd2 Bd5
1/2-1/2

[Event "VII Torneo Leonardo di Bona Internazionale"]
[Site "Cutro ITA"]
[Date "2001.04.28"]
[Round "7"]
[White "Halkias, Stelios"]
[Black "Skembris, Spyridon"]
[Result "1/2-1/2"]
[WhiteElo "2494"]
[BlackElo "2450"]
[PlyCount "39"]
[EventDate "2001.04.22"]

1. Nf3 Nf6 2. c4 e6 3. g3 b6 4. Bg2 Bb7 5. d4 Bb4+ 6. Bd2 Bxd2+ 7. Qxd2 O-O 8.
O-O d6 9. Nc3 Nbd7 10. Rad1 Ne4 11. Nxe4 Bxe4 12. Ne1 Bxg2 13. Nxg2 e5 14. e4
Re8 15. f3 Nf6 16. Ne3 exd4 17. Qxd4 a5 18. Kg2 Qe7 19. Rd2 Qe5 20. Qxe5
1/2-1/2

[Event "VII Torneo Leonardo di Bona Internazionale"]
[Site "Cutro ITA"]
[Date "2001.04.28"]
[Round "7"]
[White "Pegorari, Pietro"]
[Black "Drasko, Milan"]
[Result "1/2-1/2"]
[WhiteElo "2380"]
[BlackElo "2521"]
[PlyCount "42"]
[EventDate "2001.04.22"]

1. c4 e6 2. Nc3 Nf6 3. e4 d5 4. e5 d4 5. exf6 dxc3 6. bxc3 Qxf6 7. d4 c5 8. Nf3
cxd4 9. Bd3 h6 10. O-O dxc3 11. Be3 Nd7 12. Bd4 Qf4 13. Re1 Nc5 14. Be5 Qg4 15.
Bxc3 Nxd3 16. Qxd3 Be7 17. Rab1 O-O 18. Ne5 Qh5 19. Re3 Rd8 20. Qe4 Qf5 21.
Qxf5 exf5 1/2-1/2

[Event "VII Torneo Leonardo di Bona Internazionale"]
[Site "Cutro ITA"]
[Date "2001.04.29"]
[Round "8"]
[White "Borgo, Giulio"]
[Black "Aleksic, Nenad"]
[Result "1/2-1/2"]
[WhiteElo "2408"]
[BlackElo "2417"]
[PlyCount "58"]
[EventDate "2001.04.22"]

1. e4 c5 2. Nf3 d6 3. d4 cxd4 4. Qxd4 a6 5. c4 Nc6 6. Qd2 g6 7. b3 Nf6 8. Nc3
Bg7 9. Bb2 O-O 10. h3 Qa5 11. Bd3 Nd7 12. a3 Nde5 13. Nxe5 Nxe5 14. Be2 Nc6 15.
O-O Be6 16. Rfe1 Rfe8 17. b4 Qd8 18. Nd5 Bxb2 19. Qxb2 Rc8 20. Rad1 Bxd5 21.
exd5 Nb8 22. h4 h5 23. Bf1 Nd7 24. Qd2 Nf6 25. Qg5 Qd7 26. Rd4 Kg7 27. Rf4 Ng4
28. Bd3 e5 29. dxe6 Rxe6 1/2-1/2

[Event "VII Torneo Leonardo di Bona Internazionale"]
[Site "Cutro ITA"]
[Date "2001.04.29"]
[Round "8"]
[White "Chatalbashev, Boris"]
[Black "Halkias, Stelios"]
[Result "1/2-1/2"]
[WhiteElo "2518"]
[BlackElo "2494"]
[PlyCount "115"]
[EventDate "2001.04.22"]

1. d4 e6 2. c4 d5 3. Nf3 c5 4. cxd5 exd5 5. Nc3 Nc6 6. Bg5 f6 7. Be3 c4 8. g3
Bb4 9. Bg2 Nge7 10. O-O O-O 11. Ne1 Be6 12. Nc2 Ba5 13. Bd2 Qd7 14. Na4 b6 15.
b4 cxb3 16. axb3 Bxd2 17. Qxd2 Rfc8 18. b4 Nf5 19. Rfc1 Nce7 20. Nc3 Rc4 21. e3
Rac8 22. Ne1 Nd6 23. Nd3 Qc7 24. Nf4 Bf7 25. Nfe2 f5 26. h4 Qd7 27. Nf4 Qc7 28.
Nfe2 a5 29. bxa5 bxa5 30. Qa2 Ne4 31. Bxe4 dxe4 32. Qxa5 Qxa5 33. Rxa5 Bh5 34.
Raa1 Bf3 35. d5 Ng6 36. d6 Ne5 37. Rd1 Kf7 38. Ra7+ Kg6 39. d7 Rd8 40. Rd6+ Kf7
41. Rd5 Nc6 42. Rb7 g6 43. Kf1 Ne7 44. Rd6 Nc6 45. Rd5 Ne7 46. Rd2 Rc5 47. Nb5
Nd5 48. Nbd4 Ke7 49. Nb3 Rc7 50. Rxc7 Bxe2+ 51. Kxe2 Nxc7 52. Nd4 Rxd7 53. Nc6+
Ke6 54. Rb2 Nd5 55. Rb8 Rc7 56. Nd4+ Kf7 57. Rh8 Nf6 58. Ra8 1/2-1/2

[Event "VII Torneo Leonardo di Bona Internazionale"]
[Site "Cutro ITA"]
[Date "2001.04.29"]
[Round "8"]
[White "Ortega, Lexy"]
[Black "Pegorari, Pietro"]
[Result "1-0"]
[WhiteElo "2487"]
[BlackElo "2380"]
[PlyCount "31"]
[EventDate "2001.04.22"]

1. d4 d5 2. c4 e6 3. Nc3 c6 4. e4 dxe4 5. Nxe4 Nf6 6. Nxf6+ Qxf6 7. Nf3 h6 8.
Bd2 Na6 9. a3 c5 10. Bc3 Qf4 11. d5 h5 12. Bd3 Bd6 13. Qe2 Qh6 14. g3 Kf8 15.
Bd2 g5 16. Nxg5 1-0

[Event "VII Torneo Leonardo di Bona Internazionale"]
[Site "Cutro ITA"]
[Date "2001.04.29"]
[Round "8"]
[White "Ristic, Nenad"]
[Black "Georgiev, Vladimir"]
[Result "0-1"]
[WhiteElo "2425"]
[BlackElo "2592"]
[PlyCount "64"]
[EventDate "2001.04.22"]

1. e4 d6 2. d4 Nf6 3. Nc3 e5 4. dxe5 dxe5 5. Qxd8+ Kxd8 6. Bc4 Be6 7. Bxe6 fxe6
8. Be3 Bb4 9. O-O-O+ Nbd7 10. Nge2 Ke7 11. f3 a6 12. a3 Bd6 13. g3 b5 14. Rhf1
Rhb8 15. Nb1 c5 16. Nd2 c4 17. g4 Rc8 18. h3 a5 19. f4 b4 20. g5 Nh5 21. axb4
axb4 22. f5 Ra1+ 23. Nb1 Bc5 24. Rf3 Bxe3+ 25. Rxe3 Nc5 26. Rf1 Nd3+ 27. cxd3
cxd3+ 28. Nec3 bxc3 29. bxc3 Rb8 30. Kd2 Nf4 31. Ree1 Rb2+ 32. Ke3 Ng2+ 0-1

[Event "VII Torneo Leonardo di Bona Internazionale"]
[Site "Cutro ITA"]
[Date "2001.04.29"]
[Round "8"]
[White "Skembris, Spyridon"]
[Black "Miladinovic, Igor"]
[Result "1/2-1/2"]
[WhiteElo "2450"]
[BlackElo "2519"]
[PlyCount "30"]
[EventDate "2001.04.22"]

1. d4 Nf6 2. c4 c5 3. d5 e5 4. Nc3 d6 5. e4 Be7 6. Bd3 Nbd7 7. h3 Nf8 8. Be3
Ng6 9. Qd2 Bd7 10. Nf3 Qc8 11. a3 h5 12. b4 b6 13. Rb1 h4 14. Ng1 Nh5 15. Nge2
O-O 1/2-1/2

[Event "VII Torneo Leonardo di Bona Internazionale"]
[Site "Cutro ITA"]
[Date "2001.04.30"]
[Round "9"]
[White "Aleksic, Nenad"]
[Black "Skembris, Spyridon"]
[Result "1/2-1/2"]
[WhiteElo "2417"]
[BlackElo "2450"]
[PlyCount "35"]
[EventDate "2001.04.22"]

1. e4 e5 2. Nf3 Nc6 3. Bb5 a6 4. Ba4 Nf6 5. O-O Nxe4 6. Bxc6 dxc6 7. Re1 Nc5 8.
Nxe5 Be7 9. d4 Ne6 10. Be3 O-O 11. c3 f6 12. Nf3 Rf7 13. Nbd2 Nf8 14. h3 Be6
15. Bf4 c5 16. Nb3 cxd4 17. Nbxd4 Bd7 18. Qc2 1/2-1/2

[Event "VII Torneo Leonardo di Bona Internazionale"]
[Site "Cutro ITA"]
[Date "2001.04.30"]
[Round "9"]
[White "Drasko, Milan"]
[Black "Ortega, Lexy"]
[Result "1-0"]
[WhiteElo "2521"]
[BlackElo "2487"]
[PlyCount "73"]
[EventDate "2001.04.22"]

1. Nf3 c5 2. c4 Nc6 3. g3 g6 4. Bg2 Bg7 5. O-O e5 6. Nc3 Nge7 7. a3 a5 8. Ne1
d6 9. Nc2 Be6 10. Ne3 Rb8 11. d3 O-O 12. Ned5 h6 13. Rb1 Kh7 14. Bd2 b6 15. b4
axb4 16. axb4 Bxd5 17. Nxd5 Nxd5 18. Bxd5 Ne7 19. Bg2 Qd7 20. Qb3 Nf5 21. e3
Rfd8 22. Rfc1 h5 23. Bd5 Bh6 24. Rc2 b5 25. cxb5 Rxb5 26. Ra1 Ne7 27. Bxf7 d5
28. Ra6 Qf5 29. Be6 Qf3 30. Ra7 Bg5 31. e4 Qd1+ 32. Kg2 Bxd2 33. Rxe7+ Kh6 34.
Qb2 Bg5 35. Rf7 Rxb4 36. Qxe5 Rb1 37. Qg7# 1-0

[Event "VII Torneo Leonardo di Bona Internazionale"]
[Site "Cutro ITA"]
[Date "2001.04.30"]
[Round "9"]
[White "Miladinovic, Igor"]
[Black "Chatalbashev, Boris"]
[Result "0-1"]
[WhiteElo "2519"]
[BlackElo "2518"]
[PlyCount "82"]
[EventDate "2001.04.22"]

1. d4 Nf6 2. c4 c5 3. d5 g6 4. Nc3 Bg7 5. e4 d6 6. Nf3 O-O 7. Be2 e6 8. O-O Re8
9. dxe6 Bxe6 10. Bg5 Nc6 11. h3 Qb6 12. Rb1 Nd4 13. Nd2 Nd7 14. Bg4 Ne5 15.
Bxe6 fxe6 16. f4 Nec6 17. Kh1 Rf8 18. Qg4 Rf7 19. Nb5 h5 20. Qg3 Nxb5 21. cxb5
Qxb5 22. Bh4 Kh7 23. Nf3 Bh6 24. f5 gxf5 25. Ng5+ Bxg5 26. Qxg5 Nd4 27. Qxh5+
Kg8 28. exf5 Nxf5 29. Rf4 Rg7 30. Rxf5 exf5 31. Bf6 Qe8 32. Qxf5 Qg6 33. Qd5+
Qf7 34. Rd1 Rg6 35. Bc3 Qxd5 36. Rxd5 Re8 37. g4 Re2 38. Rh5 Rge6 39. Rh8+ Kf7
40. Rh7+ Ke8 41. Rxb7 d5 0-1

[Event "VII Torneo Leonardo di Bona Internazionale"]
[Site "Cutro ITA"]
[Date "2001.05.01"]
[Round "10"]
[White "Chatalbashev, Boris"]
[Black "Aleksic, Nenad"]
[Result "1/2-1/2"]
[WhiteElo "2518"]
[BlackElo "2417"]
[PlyCount "78"]
[EventDate "2001.04.22"]

1. d4 Nf6 2. Nf3 b6 3. c4 e6 4. e3 Bb7 5. Nc3 Bb4 6. Bd3 Ne4 7. O-O Bxc3 8.
bxc3 f5 9. Ne1 O-O 10. f3 Nf6 11. Qc2 d6 12. e4 fxe4 13. fxe4 Nbd7 14. Nf3 e5
15. c5 Qe7 16. cxd6 cxd6 17. Ba3 exd4 18. cxd4 Bxe4 19. Rae1 Bxd3 20. Qxd3 Qf7
21. Ng5 Qh5 22. Rf5 Rfe8 23. Ref1 Qe2 24. Qb1 h6 25. R5f2 Qe3 26. Bc1 Qxd4 27.
Nf3 Qe4 28. Qb3+ d5 29. Bb2 Nc5 30. Qb5 Qd3 31. Qb4 Nce4 32. Ne5 Rxe5 33. Bxe5
Nxf2 34. Bxf6 Rf8 35. Rxf2 Rxf6 36. Rxf6 gxf6 37. Qg4+ Kf7 38. Qd7+ Kg6 39.
Qg4+ Kf7 1/2-1/2